Brentford most G+A each season 2020s - Statistics

General Stats
  • This quiz has been taken 10 times
  • The average score is 10 of 12
Answer Stats
Season Answer % Correct
2019-2022 Bryan Mbeumo
100%
2020-2119 Bryan Mbeumo
100%
2021-2215 Bryan Mbeumo
100%
2022-2317 Bryan Mbeumo
100%
2020-2141 Ivan Toney
100%
2021-2220 Ivan Toney
100%
2022-2326 Ivan Toney
100%
2021-2211 Yoane Wissa
90%
2022-2311 Mathias Jensen
70%
2019-2028 Ollie Watkins
70%
2019-2025 Said Benrahma
40%
2020-2118 Sergi Canos
40%
No matching quizzes found
Score Distribution
Percent of People with Each Score
Percentile by Number Answered
Your Score History
You have not taken this quiz